000 00339nam a2200133Ia 4500
008 260604s9999 xx 000 0 und d
020 _a9789386245427
082 _a330 KAR
100 _aDr. m karpagam
_935938
245 0 _aEnvironmental Economics: A Text Book (PP)
260 _bSTERLING
500 _aEconomy, Environmental
942 _cBK
999 _c8778
_d8778